000 00626nam a2200241Ia 4500
003 OSt
005 20220918174617.0
006 a|||||r|||| 00| 0
007 ta
008 220917b |||||||| |||| 00| 0 eng d
024 _a13,108
037 _cTextual
040 _aARTS
_cARTS
_beng
041 _2eng
_aeng
082 _a/\2:3, 111L9 (P15)
100 _aSurath
_950445
245 0 _aScientific yoga for the man of today
260 _aDelhi
_bRanney Pub
_c1979
300 _a169p.
_ccm.
650 _aSPIRITUALISM
942 _h/\2:3, 111L9 (P15)
_cTEXL
_2CC
999 _c153928
_d153928